000 00274nam a2200121Ia 4500
008 190216s9999||||xx |||||||||||||| ||und||
100 _aJames Sucec
245 0 _aHeat Transfer
260 _bJaico Publishing House
_c2003
300 _a854
650 _aPhysics
942 _cBK
999 _c33812
_d33812